| 000 | 01514cam a22003735i 4500 | ||
|---|---|---|---|
| 999 |
_c28812 _d28783 |
||
| 001 | 14708666 | ||
| 003 | EG-ScBUE | ||
| 005 | 20200923150015.0 | ||
| 008 | 070122t20012001mau f 000 0 eng d | ||
| 020 | _a9780763716356 (alk. paper) | ||
| 020 | _a0763716359 (alk. paper) | ||
| 035 | _a(OCoLC)ocm80181037 | ||
| 035 | _a(OCoLC)80181037 | ||
| 040 |
_aDNLM/DLC _beng _erda _cDLC _dBTCTA _dC#P _dBAKER _dYDXCP _dDLC _dEG-ScBUE |
||
| 082 | 0 | 4 |
_a616.9940231 _bYAR _222 |
| 100 | 1 |
_aYarbro, Connie Henke, _eauthor. |
|
| 245 | 1 | 0 |
_aOncology nursing review / _cConnie Henke Yarbro, Margaret Hansen Frogge, Michelle Goodman. |
| 250 | _aSecond edition. | ||
| 264 | 1 |
_aSudbury, Massachusetts : _bJones and Bartlett Publishers, _c[2001] |
|
| 264 | 4 | _cc2001 | |
| 300 |
_aix, 272 pages ; _c28 cm |
||
| 336 |
_atext _btxt _2rdacontent |
||
| 337 |
_aunmediated _bn _2rdamedia |
||
| 338 |
_avolume _bnc _2rdacarrier |
||
| 504 | _aIncludes bibliographical references. | ||
| 505 | 0 | _aQuality of life -- Protective mechanisms -- Gastrointestinal and urinary function -- Cardiopulmonary function -- Oncologic emergencies -- Scientific basis for practice -- Health promotion -- Professional performance. | |
| 650 | 7 |
_aCancer _xNursing _vOutlines, syllabi, etc. _2BUEsh |
|
| 650 | 7 |
_aNeoplasms _xnursing _vExamination Questions. _2BUEsh |
|
| 650 | 7 |
_aNeoplasms _xnursing _vOutlines. _2BUEsh |
|
| 653 |
_bNNUR _cSeptember2020 |
||
| 700 | 1 |
_aFrogge, Margaret Hansen, _eauthor. |
|
| 700 | 1 |
_aGoodman, Michelle, _eauthor. |
|
| 942 |
_2ddc _cBB |
||